• 首页
  • 本馆介绍
  • 公告通知
  • 最新文献
  • 馆藏检索
  • 电子资源
  • 读者导购
  • 参考咨询
  • 我的图书馆
  • 登录
  • 详细信息显示
  • 放入我的书架
  • 预约/预借图书
  • 作者相关作品
  • 分类相关作品
  • 丛书相关作品
  • 出版社相关作品

书目信息

  • 表格格式
  • 工作单格式
  • 卡片格式
题名:
中国五彩瓷器
    
 
作者: 张英 编著
分册:  
出版信息: 南昌   江西美术出版社  2004
页数: 394页
开本: 23cm
丛书名:
单 册:
中图分类: K876.32
科图分类:
主题词: 杂彩瓷(考古)--中国--古代--图录
电子资源:
ISBN: 7-80690-488-3
000 00849nam0 2200253 45
001 0900000036256
005 20051227102225.73
010    @a7-80690-488-3@b精装@dCNY95.00
092    @aCN
100    @a20050705d2004 ekmy0chiy0120 ea
101 0  @achi
102    @aCN@b360000
105    @aa az 000yy
200 1  @a中国五彩瓷器@9zhong guo wu cai ci qi@f张英编著@Fzhang ying bian zhu
210    @a南昌@c江西美术出版社@d2004
215    @a394页@c图,照片@d23cm
320    @a有书目:第393-394页
330    @a本书介绍了五彩瓷器的称谓、五彩瓷器以前的历史,以及金、元、明、清各代五彩瓷器的特征、款式、产生、配制与烧成、烧制年代与窑场分布等,并收录图版。
606 0  @a杂彩瓷(考古)@y中国@z古代@j图录
690    @aK876.32@v4
701  0 @a张英@Azhang ying@4编著
801  0 @aCN@bCXYBOOK@c20051227
905    @a10447@dK876.32@e174
999    @aAFJ@eJDD
    
    中国五彩瓷器/张英编著.-南昌:江西美术出版社,2004
    394页:图,照片;23cm
    
    
    ISBN 7-80690-488-3(精装):CNY95.00
    本书介绍了五彩瓷器的称谓、五彩瓷器以前的历史,以及金、元、明、清各代五彩瓷器的特征、款式、产生、配制与烧成、烧制年代与窑场分布等,并收录图版。
●
相关链接 在E读中查询图书 在五车中查询图书 在当当中查询图书 在豆瓣中查询图书


正题名:中国五彩瓷器     索取号:K876.32/174         预约/预借

序号 登录号 条形码 馆藏地/架位号 状态 备注
1 0372839   203728396   第二样本阅览室/ [索取号:K876.32/174] 在馆    
唐山师范学院图书馆 欢迎您!
大连网信软件有限公司© 版权所有